[Event "Mechanics' Summer TNM; 30/90, SD/30"]
[Site "San Francisco"]
[Date "2013.07.16"]
[Round "8.13"]
[White "Li, William"]
[Black "Grey, Peter"]
[Result "1-0"]
[WhiteElo "1787"]
[BlackElo "2000"]
[PlyCount "67"]
[EventDate "2013.??.??"]

1. c4 Nf6 2. Nc3 c5 3. g3 d5 4. cxd5 Nxd5 5. Bg2 Nc7 6. Nf3 Nc6 7. O-O e5 8. d3
Be7 9. Be3 O-O 10. Rc1 Be6 11. Nd2 Nd5 12. Nxd5 Bxd5 13. Bxc5 Bxg2 14. Bxe7
Nxe7 15. Kxg2 Qd5+ 16. Nf3 Nc6 17. b3 Rad8 18. Kg1 Rfe8 19. Qc2 f5 20. Rfd1 Nd4
21. Nxd4 exd4 22. Re1 Rd6 23. Qc4 Qxc4 24. Rxc4 Rde6 25. Kf1 Ra6 26. a4 Rd6 27.
Rec1 Rde6 28. R1c2 Rd6 29. Rb4 b6 30. Rc7 a5 31. Rbc4 Rde6 32. Rc2 Kf8 33. Ke1
Kg8 34. Rd7 1-0

[Event "Mechanics' Winter TNM; 30/90, SD/30"]
[Site "San Francisco"]
[Date "2013.01.15"]
[Round "2.6"]
[White "Lin, Michael"]
[Black "Delmonico, Nils"]
[Result "1-0"]
[WhiteElo "2139"]
[BlackElo "1922"]
[PlyCount "53"]
[EventDate "2013.??.??"]

1. e4 e6 2. d4 d5 3. Nc3 Nf6 4. e5 Nfd7 5. f4 c5 6. Nf3 Nc6 7. Be3 Be7 8. Qd2
O-O 9. dxc5 Nxc5 10. O-O-O Bd7 11. h4 b5 12. Bd3 Nxd3+ 13. cxd3 Qa5 14. Kb1
Rfc8 15. Nd4 Nb4 16. h5 Rab8 17. g4 Nc6 18. Nxc6 Bxc6 19. Bd4 b4 20. Ne2 Qa6
21. b3 Qb7 22. f5 a5 23. f6 Bf8 24. fxg7 Bxg7 25. h6 Bf8 26. Qg5+ Kh8 27. Qf6+
1-0

[Event "Mechanics' Neil Falconer TNM; 30/90, SD"]
[Site "San Francisco"]
[Date "2013.08.27"]
[Round "4.22"]
[White "Louie, Henry"]
[Black "Campers Jr, Willie"]
[Result "0-1"]
[WhiteElo "1496"]
[BlackElo "1648"]
[PlyCount "80"]
[EventDate "2013.??.??"]

1. Nf3 d5 2. c4 d4 3. g3 c5 4. Bg2 Nc6 5. O-O Bf5 6. d3 Qd7 7. a3 Bh3 8. Bf4
Bxg2 9. Kxg2 Nf6 10. e4 Nh5 11. Bd2 g6 12. b4 b6 13. b5 Nd8 14. Ne5 Qe6 15. f4
Bg7 16. Nf3 Qg4 17. Qe1 Ne6 18. Ng5 Nxg5 19. fxg5 Be5 20. Rf3 O-O 21. h3 Qd7
22. g4 Ng7 23. Bf4 Bxf4 24. Rxf4 Ne6 25. Rf1 Nxg5 26. Ra2 a6 27. bxa6 Rxa6 28.
Raf2 b5 29. Rf4 bxc4 30. dxc4 Ra4 31. Qf2 Rxc4 32. h4 e5 33. Nd2 Rc2 34. hxg5
exf4 35. Qxf4 c4 36. Kh1 c3 37. Nc4 d3 38. Ne5 Qd6 39. Qg3 d2 40. Rd1 Rc1 0-1

[Event "Mechanics' Neil Falconer TNM; 30/90, SD"]
[Site "San Francisco"]
[Date "2013.10.01"]
[Round "9.26"]
[White "Louie, Henry"]
[Black "Hilliard, Michael"]
[Result "1/2-1/2"]
[WhiteElo "1496"]
[BlackElo "1400"]
[PlyCount "124"]
[EventDate "2013.??.??"]

1. Nf3 d5 2. c4 e6 3. g3 c5 4. Bg2 Nc6 5. b3 Nf6 6. Bb2 Be7 7. O-O O-O 8. d3 b6
9. Nbd2 Bb7 10. a3 Qd7 11. Qc2 d4 12. Ne4 Nxe4 13. dxe4 e5 14. Rad1 Bd6 15. Bc1
Ne7 16. Ng5 f6 17. Bh3 Qe8 18. Nf3 Bc8 19. Bg2 Qh5 20. Rfe1 Bb7 21. e3 f5 22.
Nh4 g5 23. Nxf5 Nxf5 24. exf5 Bxg2 25. Kxg2 g4 26. e4 Rf6 27. Rd3 Bf8 28. Rh1
Bh6 29. h4 Bxc1 30. Qxc1 Kg7 31. f4 Qe8 32. Re1 h5 33. fxe5 Qxe5 34. Qg5+ Kh7
35. Qxh5+ Rh6 36. Qf7+ Kh8 37. Qd5 Re8 38. Qxe5+ Rxe5 39. Rd2 Rf6 40. Kf1 Kg7
41. b4 Rc6 42. b5 Rc7 43. a4 Rce7 44. Rde2 d3 45. Rd2 Rd7 46. Re3 Kf6 47. Ke1
Rd4 48. Rdxd3 Rdxe4 49. Kd2 Rxc4 50. Rxe5 Kxe5 51. h5 Kxf5 52. Rd5+ Kf6 53.
Rd6+ Kg7 54. Rd7+ Kh6 55. Rxa7 Kxh5 56. a5 bxa5 57. Rxa5 Rb4 58. b6 Rxb6 59.
Rxc5+ Kh6 60. Ke3 Rf6 61. Ke4 Rf3 62. Rc6+ Kg5 1/2-1/2

[Event "Mechanics' Neil Falconer TNM; 30/90, SD"]
[Site "San Francisco"]
[Date "2013.08.06"]
[Round "1.18"]
[White "Louie, Henry"]
[Black "Maser, Thomas"]
[Result "0-1"]
[WhiteElo "1496"]
[BlackElo "1904"]
[PlyCount "60"]
[EventDate "2013.??.??"]

1. Nf3 d5 2. c4 c6 3. g3 Nf6 4. Bg2 g6 5. O-O Bg7 6. d3 O-O 7. Na3 Re8 8. Nc2
e5 9. cxd5 cxd5 10. Ne3 Nc6 11. Rb1 Be6 12. b3 Rc8 13. Ng5 d4 14. Nxe6 Rxe6 15.
Nc4 Nd5 16. Bd2 b5 17. Nb2 Nc3 18. Bxc3 dxc3 19. Nc4 bxc4 20. bxc4 Qa5 21. Qc1
Nd4 22. Re1 Qxa2 23. Bf1 e4 24. Ra1 Qxa1 25. Qxa1 Nc2 26. Qxa7 Nxe1 27. Bh3 f5
28. Kf1 exd3 29. Kxe1 Rxe2+ 30. Kd1 Rce8 0-1

[Event "Mechanics' Spring TNM; 30/90, SD/30"]
[Site "San Francisco"]
[Date "2013.05.07"]
[Round "8.23"]
[White "Luke, Gary"]
[Black "Bayaraa, Chinguun"]
[Result "1-0"]
[WhiteElo "1809"]
[BlackElo "1644"]
[PlyCount "57"]
[EventDate "2013.??.??"]

1. e4 c5 2. b3 d6 3. Bb2 Nf6 4. Nc3 g6 5. g3 Bg7 6. Bg2 e5 7. Qe2 Bd7 8. Nh3
Nc6 9. Nb5 Qb8 10. c3 a6 11. Na3 Qc7 12. Nc4 b5 13. Ne3 O-O 14. f4 Rfe8 15. f5
b4 16. g4 Reb8 17. g5 Ne8 18. Nd5 Qd8 19. f6 Bf8 20. Nf2 Nc7 21. h4 Ne6 22. Nh3
Qc8 23. h5 Nf4 24. Nhxf4 exf4 25. hxg6 fxg6 26. Bf3 Ne5 27. c4 Nxf3+ 28. Qxf3
Be8 29. f7+ 1-0

[Event "Mechanics' Spring TNM; 30/90, SD/30"]
[Site "San Francisco"]
[Date "2013.03.19"]
[Round "1.30"]
[White "Luke, Gary"]
[Black "Cowgill, Jackie"]
[Result "1-0"]
[WhiteElo "1809"]
[BlackElo "1025"]
[PlyCount "69"]
[EventDate "2013.??.??"]

1. e4 e5 2. Nf3 Nc6 3. Bc4 Bc5 4. O-O Nf6 5. Nc3 O-O 6. d3 a6 7. a4 d6 8. h3
Bd7 9. a5 Nd4 10. Nxd4 Bxd4 11. Ne2 Bc5 12. Ng3 Qc8 13. Kh2 Bb5 14. Bb3 Bd7 15.
Qf3 Be6 16. Nf5 Bxb3 17. Ne7+ Kh8 18. Nxc8 Raxc8 19. cxb3 Ba7 20. Bg5 Ne8 21.
Be7 Rg8 22. Qxf7 g6 23. Qe6 Ng7 24. Bf6 Bd4 25. Qd7 Rcf8 26. Qe7 b6 27. Bxg7+
Rxg7 28. Qxf8+ Rg8 29. Qf6+ Rg7 30. f4 Be3 31. fxe5 dxe5 32. Qd8+ Rg8 33. Rf8
Kg7 34. Rxg8+ Kh6 35. Qh4# 1-0

[Event "Mechanics' Spring TNM; 30/90, SD/30"]
[Site "San Francisco"]
[Date "2013.04.16"]
[Round "5.21"]
[White "Luke, Gary"]
[Black "Donnelly, Patrick"]
[Result "0-1"]
[WhiteElo "1809"]
[BlackElo "1643"]
[PlyCount "64"]
[EventDate "2013.??.??"]

1. e4 c5 2. Nf3 d6 3. d4 cxd4 4. Nxd4 Nf6 5. Nc3 a6 6. Bg5 e6 7. f4 Be7 8. Qf3
Qb6 9. O-O-O Nc6 10. Nde2 Na5 11. Ng3 Bd7 12. Nh5 Nxh5 13. Bxe7 Kxe7 14. Qxh5
Rac8 15. Qg5+ Kf8 16. f5 f6 17. Qd2 exf5 18. Qxd6+ Qxd6 19. Rxd6 Ke7 20. Rd5
Nc6 21. exf5 Ne5 22. Bd3 Bc6 23. Rd4 Kf7 24. Be4 Rhe8 25. Nd5 Ng4 26. Bd3 Nf2
27. Rf1 Nxd3+ 28. Rxd3 Bb5 29. Nb6 Bxd3 30. Nxc8 Bxf1 31. Nd6+ Ke7 32. Nxe8
Kxe8 0-1

[Event "Mechanics' Spring TNM; 30/90, SD/30"]
[Site "San Francisco"]
[Date "2013.04.02"]
[Round "3.23"]
[White "Luke, Gary"]
[Black "Montoya, Daniel"]
[Result "1-0"]
[WhiteElo "1809"]
[BlackElo "1570"]
[PlyCount "73"]
[EventDate "2013.??.??"]

1. d4 d5 2. c4 Nc6 3. Nf3 Bg4 4. e3 e6 5. c5 Nf6 6. Bb5 Be7 7. Qa4 Bxf3 8.
Bxc6+ bxc6 9. Qxc6+ Nd7 10. gxf3 O-O 11. Nc3 Nf6 12. Bd2 Qb8 13. Na4 a5 14. e4
dxe4 15. fxe4 Rd8 16. Bc3 Qc8 17. f3 Ra6 18. Qb5 Qa8 19. O-O-O Rb8 20. Qc4 Rd8
21. Rhg1 Qc6 22. b3 Raa8 23. Bb2 Ne8 24. d5 exd5 25. exd5 Qh6+ 26. f4 Nf6 27.
Be5 Ne8 28. Rd2 Bf6 29. Qe4 Be7 30. Kc2 Qa6 31. Rdg2 Bf8 32. Nc3 Rd7 33. Bd4
Rad8 34. Rg5 Nf6 35. Bxf6 Qxf6 36. Qe5 Qa6 37. Rxg7+ 1-0

[Event "Mechanics' Summer TNM; 30/90, SD/30"]
[Site "San Francisco"]
[Date "2013.05.28"]
[Round "1.30"]
[White "Luke, Gary"]
[Black "Vichik, Adam"]
[Result "1-0"]
[WhiteElo "1808"]
[BlackElo "1113"]
[PlyCount "61"]
[EventDate "2013.??.??"]

1. e4 e6 2. d4 d5 3. Nd2 c5 4. dxc5 Bxc5 5. Nb3 Bb6 6. exd5 exd5 7. Bb5+ Nc6 8.
Qe2+ Qe7 9. Bg5 f6 10. Bh4 Qxe2+ 11. Nxe2 Nge7 12. Ned4 Bxd4 13. Nxd4 a6 14.
Ba4 O-O 15. Bxc6 bxc6 16. O-O-O Bf5 17. Rhe1 Rfe8 18. Bg3 g6 19. Bd6 Kf7 20.
Bxe7 Rxe7 21. Rxe7+ Kxe7 22. Nxc6+ Kd6 23. Nb4 Be6 24. Rd4 g5 25. c3 Rc8 26.
Nxa6 Ra8 27. Nb4 h5 28. a3 Ra5 29. Nc2 Bf5 30. Ne3 Be6 31. Nc4+ 1-0

[Event "Mechanics' Spring TNM; 30/90, SD/30"]
[Site "San Francisco"]
[Date "2013.05.07"]
[Round "8.40"]
[White "Ma, Daniel"]
[Black "Cowgill, Jackie"]
[Result "0-1"]
[WhiteElo "958"]
[BlackElo "1025"]
[PlyCount "66"]
[EventDate "2013.??.??"]

1. e4 e5 2. Nf3 Nc6 3. Bc4 Bc5 4. d3 Nf6 5. Bg5 h6 6. Bh4 O-O 7. Nc3 Bb4 8. Qe2
d6 9. h3 Re8 10. O-O Bxc3 11. bxc3 Ne7 12. d4 Ng6 13. Bg3 a6 14. dxe5 dxe5 15.
Rfd1 Bd7 16. Rab1 Qc8 17. Rd2 b5 18. Bd5 c6 19. Bb3 a5 20. a3 c5 21. Bd5 Rb8
22. Qd1 c4 23. Ra1 Bc6 24. Bxc6 Qxc6 25. Rd6 Qxe4 26. Ra6 Qb7 27. Rxa5 Qb6 28.
Rxb5 Qxb5 29. a4 Qa5 30. Nd2 Red8 31. Qe2 Qxc3 32. Nxc4 Qxa1+ 33. Qd1 Rxd1+ 0-1

[Event "Mechanics' Spring TNM; 30/90, SD/30"]
[Site "San Francisco"]
[Date "2013.04.02"]
[Round "3.31"]
[White "Ma, Daniel"]
[Black "Hack, Richard"]
[Result "0-1"]
[WhiteElo "958"]
[BlackElo "1674"]
[PlyCount "118"]
[EventDate "2013.??.??"]

1. e4 e5 2. Nf3 Nc6 3. Bc4 Bc5 4. O-O Nf6 5. Nc3 O-O 6. d3 h6 7. Be3 d6 8. Nd5
Be6 9. h3 Nxd5 10. exd5 Bd7 11. dxc6 Bxc6 12. Bxc5 e4 13. Bxd6 cxd6 14. dxe4
Bxe4 15. Re1 d5 16. Bd3 f5 17. Nd2 Qb6 18. Nxe4 fxe4 19. Bxe4 Qxf2+ 20. Kh1
dxe4 21. Qd5+ Kh8 22. Qxe4 Qb6 23. b3 Rf2 24. Re2 Rf6 25. Rd2 Qc7 26. Rad1 Raf8
27. Qd3 R6f7 28. Qd6 Qa5 29. a4 Rf6 30. Qd5 Qc7 31. Kg1 Qb6+ 32. Qd4 Qc7 33.
Qd7 Qb6+ 34. Rd4 Rf2 35. Qd6 Qa5 36. Qb4 Qg5 37. Rg4 Qe3 38. Kh2 Qe5+ 39. Rg3
R8f3 40. Rd8+ Kh7 41. Qg4 Rxg3 42. Qxg3 Qxg3+ 43. Kxg3 Rf7 44. a5 Kg6 45. Ra8
a6 46. Kg4 Rf2 47. Rc8 Rxg2+ 48. Kf4 Rf2+ 49. Kg4 Rf7 50. Rc5 Kh7 51. Rf5 Rc7
52. Rf2 g5 53. b4 Re7 54. Rf6 Re4+ 55. Kf3 Rxb4 56. Rf7+ Kg6 57. Rc7 Rb5 58.
Kg3 h5 59. h4 g4 {B promoted a-pawn} 0-1

[Event "Mechanics' Spring TNM; 30/90, SD/30"]
[Site "San Francisco"]
[Date "2013.04.09"]
[Round "4.37"]
[White "Ma, Daniel"]
[Black "Palmeri, Ralph"]
[Result "0-1"]
[WhiteElo "958"]
[BlackElo "1715"]
[PlyCount "64"]
[EventDate "2013.??.??"]

1. e4 c5 2. Nf3 d6 3. Bc4 e6 4. Nc3 Be7 5. O-O Nc6 6. d3 Nf6 7. Bg5 a6 8. a4
Qc7 9. Re1 Ne5 10. Nxe5 dxe5 11. Qd2 O-O 12. h3 Bd7 13. Re3 Bc6 14. Rae1 Rad8
15. Qe2 Rd7 16. Rg3 Ne8 17. Bxe7 Rxe7 18. Qg4 Qd6 19. a5 Kh8 20. Bb3 f5 21. Qg5
Rf6 22. Qh5 Rh6 23. Qe2 Nf6 24. exf5 exf5 25. Na4 Nh5 26. Rg5 Nf4 27. Qd2 Qf6
28. Rg3 Nh5 29. Rg5 f4 30. Rxh5 Rxh5 31. Nb6 Qg6 32. Kh2 Qxg2# 0-1

[Event "Mechanics' Summer TNM; 30/90, SD/30"]
[Site "San Francisco"]
[Date "2013.06.25"]
[Round "5.20"]
[White "MacIntyre, Brendan"]
[Black "Chernobilskiy, Mikhail"]
[Result "0-1"]
[WhiteElo "1655"]
[BlackElo "1864"]
[PlyCount "50"]
[EventDate "2013.??.??"]

1. d4 f5 2. Nf3 Nf6 3. b3 d5 4. Bb2 e6 5. Nbd2 Bd6 6. c4 b6 7. e3 Nbd7 8. Bd3
Ne4 9. O-O g5 10. Ne5 Nxe5 11. dxe5 Be7 12. cxd5 Nxd2 13. Qxd2 Qxd5 14. Rfd1
Bb7 15. Bf1 O-O-O 16. Qc3 Qxd1 17. Rxd1 Rxd1 18. Qc2 Rhd8 19. Bd4 Re1 20. Bc3
Be4 21. Qe2 Rxe2 22. Bxe2 g4 23. g3 Bf3 24. Kf1 Bxe2+ 25. Kxe2 a5 0-1

[Event "Mechanics' Summer TNM; 30/90, SD/30"]
[Site "San Francisco"]
[Date "2013.05.28"]
[Round "1.9"]
[White "MacIntyre, Brendan"]
[Black "Ivanov, Aleksandr"]
[Result "0-1"]
[WhiteElo "1655"]
[BlackElo "2078"]
[PlyCount "62"]
[EventDate "2013.??.??"]

1. e4 c6 2. d4 d5 3. Nc3 dxe4 4. Nxe4 Nf6 5. Nxf6+ exf6 6. Nf3 Bd6 7. Be2 O-O
8. O-O Bf5 9. c3 Nd7 10. Nh4 Be4 11. f4 f5 12. Nf3 b5 13. Ne5 a6 14. Bd3 Rc8
15. Bxe4 fxe4 16. Nxd7 Qxd7 17. f5 f6 18. Qg4 Rfe8 19. Be3 Qf7 20. Bf4 Bf8 21.
Rfe1 c5 22. Be3 Qc4 23. Qe2 Qd5 24. Qf2 b4 25. Red1 bxc3 26. bxc3 cxd4 27. Rxd4
Qb5 28. a4 Qb3 29. Rd7 Rxc3 30. Bd4 Rd3 31. Ra7 Rd1+ 0-1

[Event "Mechanics' Spring TNM; 30/90, SD/30"]
[Site "San Francisco"]
[Date "2013.05.07"]
[Round "8.20"]
[White "MacIntyre, Brendan"]
[Black "Royzen, Igor"]
[Result "1/2-1/2"]
[WhiteElo "1655"]
[BlackElo "1844"]
[PlyCount "89"]
[EventDate "2013.??.??"]

1. d4 Nf6 2. c4 c5 3. e3 g6 4. Nf3 Bg7 5. g3 O-O 6. Bg2 d6 7. O-O Nc6 8. Nc3 a6
9. b3 Qc7 10. Bb2 b6 11. d5 Nb8 12. Qe2 b5 13. Nd2 Nbd7 14. Nce4 Bb7 15. Nxf6+
Nxf6 16. Ne4 Nxe4 17. Bxe4 Bxb2 18. Qxb2 bxc4 19. bxc4 Rfb8 20. Qc3 Bc8 21. h4
Bh3 22. Rfe1 Qd7 23. Bf3 Bg4 24. Bg2 Qa4 25. f3 Bd7 26. e4 Qb4 27. Qd3 Qb2 28.
f4 Ba4 29. Qe3 f6 30. e5 fxe5 31. fxe5 Qc2 32. Rec1 Qf5 33. exd6 exd6 34. Rf1
Qd7 35. Rf6 Re8 36. Re6 Rab8 37. Bh3 Qg7 38. Rf1 Bd7 39. Rxe8+ Rxe8 40. Be6+
Bxe6 41. dxe6 Qe5 42. Qd3 Rxe6 43. Kf2 Rf6+ 44. Kg1 Rxf1+ 45. Kxf1 1/2-1/2

[Event "Mechanics' Spring TNM; 30/90, SD/30"]
[Site "San Francisco"]
[Date "2013.04.16"]
[Round "5.18"]
[White "MacIntyre, Brendan"]
[Black "Sainz, Guadalupe"]
[Result "0-1"]
[WhiteElo "1655"]
[BlackElo "1871"]
[PlyCount "56"]
[EventDate "2013.??.??"]

1. d4 Nf6 2. c4 e6 3. Nc3 Bb4 4. e3 c5 5. a3 Bxc3+ 6. bxc3 O-O 7. Nf3 d5 8. Bd3
Nc6 9. O-O b6 10. cxd5 Qxd5 11. Re1 cxd4 12. exd4 h6 13. Qc2 Bb7 14. c4 Qh5 15.
Bf4 Qg4 16. Bg3 Nxd4 17. Nxd4 Qxd4 18. Rad1 Qg4 19. h3 Qh5 20. Re5 g5 21. Qc1
Rfd8 22. f4 Ne4 23. fxg5 Nxg3 24. Re3 Rxd3 25. Rdxd3 Ne2+ 26. Rxe2 Qxe2 27. Rg3
Qe5 28. Rg4 h5 0-1

[Event "Mechanics' Spring TNM; 30/90, SD/30"]
[Site "San Francisco"]
[Date "2013.04.02"]
[Round "3.19"]
[White "MacIntyre, Brendan"]
[Black "Wang, Yuan"]
[Result "1-0"]
[WhiteElo "1655"]
[BlackElo "2012"]
[PlyCount "79"]
[EventDate "2013.??.??"]

1. d4 Nf6 2. c4 g6 3. Nc3 d5 4. e3 Bg7 5. Nf3 O-O 6. cxd5 Nxd5 7. g3 c5 8. Bg2
Nc6 9. O-O Bg4 10. Qb3 Nxc3 11. bxc3 Na5 12. Qb5 cxd4 13. cxd4 a6 14. Qb4 Rc8
15. Ne5 Bxe5 16. dxe5 Rc4 17. Qa3 b5 18. Qb2 Bf5 19. Qd2 Qc7 20. Ba3 Rd8 21.
Qb2 Rc2 22. Qb4 Rdd2 23. Qxe7 Qxe7 24. Bxe7 Bd3 25. Rfc1 Nc4 26. Rxc2 Bxc2 27.
Bf6 h6 28. Bb7 a5 29. Ba6 Na3 30. Kf1 Bb1 31. Bxb5 Rb2 32. Ba4 Bxa2 33. Rd1 Rb8
34. Rd4 g5 35. h4 gxh4 36. Bxh4 Be6 37. Kg2 Nc4 38. Bf6 Rb4 39. Rd8+ Kh7 40.
Bc2+ 1-0

[Event "Mechanics' Spring TNM; 30/90, SD/30"]
[Site "San Francisco"]
[Date "2013.03.19"]
[Round "1.11"]
[White "MacIntyre, Brendan"]
[Black "Watson, Farid Mark"]
[Result "0-1"]
[WhiteElo "1655"]
[BlackElo "2033"]
[PlyCount "96"]
[EventDate "2013.??.??"]

1. d4 Nf6 2. c4 e6 3. Nc3 Bb4 4. e3 b6 5. Nf3 O-O 6. Bd3 Bb7 7. O-O Bxc3 8.
bxc3 d6 9. Re1 Qe7 10. e4 e5 11. Bg5 h6 12. Bxf6 Qxf6 13. Rb1 Nc6 14. Bc2 Na5
15. Qe2 Ba6 16. Bd3 c5 17. d5 Kh7 18. Nd2 Bc8 19. Nf1 Bd7 20. f4 Qxf4 21. Ne3
Qg5 22. Rf1 g6 23. Rf2 Kg7 24. Rbf1 h5 25. Rf6 Qxf6 26. Rxf6 Kxf6 27. Qf2+ Ke7
28. Qh4+ f6 29. Qg3 Rg8 30. Be2 Raf8 31. h4 Kd8 32. Qe1 Kc7 33. Qb1 Rg7 34. Qf1
Rgf7 35. Qf2 f5 36. exf5 gxf5 37. Bxh5 Rg7 38. Be2 f4 39. g4 Rfg8 40. Nf1 Bxg4
41. Kh2 Nb7 42. Nd2 Bxe2 43. Qxe2 Rg4 44. Kh3 Rg3+ 45. Kh2 Rh8 46. Nf3 Nd8 47.
Qd1 e4 48. Qd2 Rxf3 0-1

[Event "Mechanics' Summer TNM; 30/90, SD/30"]
[Site "San Francisco"]
[Date "2013.07.16"]
[Round "8.19"]
[White "MacIntyre, Brendan"]
[Black "Woebcke, Carl"]
[Result "0-1"]
[WhiteElo "1655"]
[BlackElo "1797"]
[PlyCount "74"]
[EventDate "2013.??.??"]

1. d4 d5 2. c4 e6 3. Nc3 Be7 4. Bf4 Nf6 5. e3 O-O 6. Nf3 c5 7. Bd3 cxd4 8. Nxd4
Nc6 9. Nxc6 bxc6 10. cxd5 cxd5 11. O-O Bd6 12. Bxd6 Qxd6 13. Nb5 Qe5 14. Nd4
Bd7 15. Rc1 Rac8 16. Qe2 Qd6 17. Rc2 Rxc2 18. Bxc2 g6 19. Rd1 e5 20. Nb3 e4 21.
f3 exf3 22. gxf3 Qe5 23. f4 Qxb2 24. Bd3 Qa3 25. Qg2 Qe7 26. Re1 Re8 27. f5 Kh8
28. fxg6 fxg6 29. Nd4 Ng4 30. Qb2 Qe5 31. Re2 Nxe3 32. Kh1 Kg8 33. Qb4 Qf4 34.
Re1 Bh3 35. Qa4 Rf8 36. Rb1 Bg2+ 37. Kg1 Qf2# 0-1

[Event "Mechanics' Summer TNM; 30/90, SD/30"]
[Site "San Francisco"]
[Date "2013.06.11"]
[Round "3.19"]
[White "MacIntyre, Brendan"]
[Black "Zhao, Art"]
[Result "0-1"]
[WhiteElo "1655"]
[BlackElo "2037"]
[Annotator "Donaldson"]
[PlyCount "64"]
[EventDate "2013.??.??"]

1. d4 d5 2. c4 c6 3. Nc3 Nf6 4. e3 e6 5. Nf3 Nbd7 6. Bd3 Bd6 7. O-O O-O 8. Re1
a6 9. Qc2 dxc4 10. Bxc4 b5 11. Bd3 Bb7 12. e4 e5 13. Bg5 Qc7 14. Rac1 exd4 15.
Bxf6 Nxf6 16. Ne2 c5 17. Nexd4 Ng4 18. g3 Rac8 19. Nf5 c4 20. Nxd6 Qxd6 21. Bf1
Ne5 22. Nxe5 Qxe5 23. Bg2 Rfe8 24. Re3 h6 25. Qc3 Qxc3 26. Rcxc3 Rcd8 27. Rc1
Rd2 28. b3 Rxa2 29. bxc4 bxc4 30. Rxc4 $2 (30. e5 $15) 30... Ra1+ 31. Bf1 a5
$19 32. Rcc3 Ba6 0-1

[Event "Mechanics' Fall TNM; 30/90, SD/30"]
[Site "San Francisco"]
[Date "2013.12.03"]
[Round "7.27"]
[White "Malvar, Melchin"]
[Black "Chea, Na"]
[Result "1/2-1/2"]
[WhiteElo "1619"]
[BlackElo "1434"]
[PlyCount "59"]
[EventDate "2013.??.??"]

1. Nc3 e5 2. e4 Nf6 3. f4 d6 4. Nf3 Nbd7 5. Bc4 Be7 6. O-O a6 7. fxe5 Nxe5 8.
Be2 O-O 9. d4 Ng6 10. Qd3 b6 11. Be3 Ng4 12. Rae1 Nxe3 13. Qxe3 Bb7 14. Bd3 c5
15. dxc5 dxc5 16. Rd1 Qc7 17. Nd5 Bxd5 18. exd5 c4 19. Bxg6 fxg6 20. Qe6+ Kh8
21. d6 Qc5+ 22. Kh1 Bf6 23. c3 Rae8 24. Qd5 Qxd5 25. Rxd5 Re2 26. Rd2 Rxd2 27.
Nxd2 Rd8 28. Nxc4 b5 29. Na3 Rxd6 30. Nxb5 $4 {(and draw??)} 1/2-1/2

[Event "Mechanics' Summer TNM; 30/90, SD/30"]
[Site "San Francisco"]
[Date "2013.07.09"]
[Round "7.1"]
[White "Manvelyan, Hayk"]
[Black "Goins, Demetrius"]
[Result "1-0"]
[WhiteElo "2293"]
[BlackElo "2136"]
[PlyCount "49"]
[EventDate "2013.??.??"]

1. d4 d5 2. c4 e6 3. Nf3 Nf6 4. g3 Be7 5. Bg2 O-O 6. O-O c6 7. Nc3 Nbd7 8. b3
h6 9. Bb2 b6 10. Rc1 Bb7 11. e3 Rc8 12. Qe2 Re8 13. Rfd1 Bd6 14. e4 e5 15. dxe5
Nxe5 16. cxd5 cxd5 17. Nxd5 Nxf3+ 18. Qxf3 Nxe4 19. Qg4 Qg5 20. Qd7 Nxf2 21.
Kxf2 Bxd5 22. Bxd5 Qe3+ 23. Kg2 Qe2+ 24. Kh1 Rxc1 25. Qxf7+ 1-0

[Event "Mechanics' Summer TNM; 30/90, SD/30"]
[Site "San Francisco"]
[Date "2013.06.11"]
[Round "3.1"]
[White "Manvelyan, Hayk"]
[Black "Morton, Adam"]
[Result "1-0"]
[WhiteElo "2293"]
[BlackElo "2012"]
[PlyCount "55"]
[EventDate "2013.??.??"]

1. e4 e5 2. Nc3 Nc6 3. f4 d6 4. Nf3 f5 5. Bc4 fxe4 6. Ng5 Nh6 7. O-O Bg4 8. Qe1
Qd7 9. Qxe4 Be7 10. d3 Rf8 11. Nxh7 O-O-O 12. Nxf8 Rxf8 13. Bd5 Nd8 14. Qa4
Qxa4 15. Nxa4 Nc6 16. Bxc6 bxc6 17. fxe5 dxe5 18. Bxh6 gxh6 19. Rxf8+ Bxf8 20.
Rf1 Bd6 21. h3 Be6 22. c4 c5 23. Nc3 c6 24. Ne4 Be7 25. g4 Kd7 26. Kg2 Bg8 27.
Kg3 Ke6 28. h4 1-0

[Event "Mechanics' Neil Falconer TNM; 30/90, SD"]
[Site "San Francisco"]
[Date "2013.09.17"]
[Round "7.1"]
[White "Manvelyan, Hayk"]
[Black "Rich, Albert"]
[Result "1-0"]
[WhiteElo "2340"]
[BlackElo "2204"]
[PlyCount "47"]
[EventDate "2013.??.??"]

1. d4 d5 2. c4 e6 3. Nf3 c5 4. cxd5 exd5 5. e3 Nc6 6. Nc3 Nf6 7. Be2 a6 8. O-O
Bd6 9. dxc5 Bxc5 10. a3 O-O 11. b4 Ba7 12. Bb2 d4 13. exd4 Nxd4 14. Nxd4 Bxd4
15. Bf3 Ra7 16. Qd2 Ng4 17. Rad1 Bf6 18. Qe2 Qc7 19. Bxg4 Bxc3 {Diagram #} 20.
Rc1 Bxg4 21. Qxg4 h5 22. Qxh5 Qe5 23. Qxe5 Bxe5 24. Bxe5 1-0

[Event "Mechanics' Summer TNM; 30/90, SD/30"]
[Site "San Francisco"]
[Date "2013.05.28"]
[Round "1.1"]
[White "Manvelyan, Hayk"]
[Black "Solomonik, Edgar"]
[Result "1-0"]
[WhiteElo "2293"]
[BlackElo "1775"]
[PlyCount "59"]
[EventDate "2013.??.??"]

1. c4 c6 2. g3 d5 3. Bg2 Nf6 4. d4 g6 5. Nf3 Bg7 6. O-O O-O 7. e3 dxc4 8. Ne5
Nfd7 9. Nxc4 e5 10. Nc3 exd4 11. exd4 Nb6 12. Nxb6 Qxb6 13. d5 Nd7 14. dxc6
bxc6 15. Qd6 Ne5 16. Ne4 Be6 17. Bg5 Nc4 18. Qe7 h6 19. Bf4 Qxb2 20. Qh4 h5 21.
Rab1 Qa3 22. Nf6+ Kh8 23. g4 Nd6 24. Bxd6 Qxd6 25. gxh5 Bxf6 26. Qxf6+ Kh7 27.
Rb7 gxh5 28. Be4+ Kg8 29. Qg5+ Kh8 30. Qh6+ 1-0

[Event "Mechanics' Neil Falconer TNM; 30/90, SD"]
[Site "San Francisco"]
[Date "2013.09.03"]
[Round "5.2"]
[White "Manvelyan, Hayk"]
[Black "Tsodikova, Natalya"]
[Result "1-0"]
[WhiteElo "2340"]
[BlackElo "2234"]
[PlyCount "59"]
[EventDate "2013.??.??"]

1. d4 Nf6 2. c4 g6 3. Nc3 Bg7 4. e4 d6 5. f3 O-O 6. Be3 c5 7. dxc5 dxc5 8. Bxc5
Nc6 9. Nge2 Qa5 10. Be3 Rd8 11. Qb3 Rd3 12. Bd2 Be6 13. O-O-O Ne5 14. Nd5 Qc5
15. Nec3 Rxd2 16. Kxd2 Rc8 17. Kc1 Bxd5 18. cxd5 Nfd7 19. Kb1 Nb6 20. Bd3 Nbc4
21. Bxc4 Nxc4 22. Rd3 b6 23. Rhd1 Ne5 24. Na4 Qa5 25. Rc3 Rd8 26. Rc2 b5 27.
Nc5 Qb6 28. Nd3 Nc4 29. Nb4 Rd7 30. Rdc1 1-0

[Event "Mechanics' Neil Falconer TNM; 30/90, SD"]
[Site "San Francisco"]
[Date "2013.08.13"]
[Round "2.1"]
[White "Manvelyan, Hayk"]
[Black "Uzzaman, Ashik"]
[Result "1-0"]
[WhiteElo "2340"]
[BlackElo "1908"]
[PlyCount "51"]
[EventDate "2013.??.??"]

1. f4 d5 2. Nf3 Nf6 3. e3 c5 4. Be2 Nc6 5. b3 Bg4 6. Bb2 e6 7. O-O Bd6 8. d3
O-O 9. Nbd2 Rc8 10. Ne5 Bxe5 11. fxe5 Bxe2 12. Qxe2 Nd7 13. Nf3 Qc7 14. d4 f6
15. exf6 Nxf6 16. dxc5 Ne4 17. Nd4 Rxf1+ 18. Rxf1 Nxc5 19. Qg4 Ne5 20. Qh5 g6
21. Qh3 Re8 22. b4 Nc4 23. Ba1 Na6 24. Qh6 Nxb4 25. Nxe6 Qe7 26. Rf6 1-0

[Event "Mechanics' Neil Falconer TNM; 30/90, SD"]
[Site "San Francisco"]
[Date "2013.10.01"]
[Round "9.1"]
[White "Manvelyan, Hayk"]
[Black "Whitehead, Paul"]
[Result "1/2-1/2"]
[WhiteElo "2340"]
[BlackElo "2385"]
[PlyCount "71"]
[EventDate "2013.??.??"]

1. d4 Nf6 2. c4 g6 3. Nc3 Bg7 4. e4 d6 5. f3 O-O 6. Be3 e5 7. d5 Nh5 8. Qd2 f5
9. O-O-O a6 10. Kb1 Nd7 11. Nge2 b5 12. cxb5 axb5 13. Nxb5 fxe4 14. fxe4 Ndf6
15. Nec3 Ng4 16. Bd3 Nf4 17. Bf1 Rf7 18. Bg1 Bh6 19. Qe1 Nh5 20. Be2 Nf4 21.
Bf1 Ba6 22. h3 Nf6 23. g3 N4h5 24. Be3 Bxe3 25. Qxe3 Qd7 26. Na3 Bxf1 27. Rdxf1
c6 28. dxc6 Qxc6 29. Qd3 Kg7 30. Nab5 Rd7 31. Rc1 Qa6 32. Rhd1 d5 33. exd5 Nxd5
34. Qe4 Nxc3+ 35. Nxc3 Re7 36. Qb4 $16 {
Accepting a draw clinched first place for Hayk.} 1/2-1/2